Ultrasonography in obstetrics and gynecology : (رقم التسجيلة. 21501)
[ عرض عادي ]
| 000 -الفاتح | |
|---|---|
| حقل البيانات ثابتة الطول | 02960cam a22004694a 4500 |
| 001 - رقم الضبط | |
| رقم الضبط | 002861326 |
| 003 - محدد رقم الضبط | |
| رقم الضبط | OSt |
| 005 - وقت وتاريخ اخر تعامل مع التسجيلة | |
| رقم الضبط | 20150408114014.0 |
| 008 - عناصر البيانات ثابتة الطول - معلومات عامة | |
| حقل البيانات ثابتة الطول | 070409s2008 nyua b 001 0 eng |
| 010 ## - رقم ضبط مكتبة الكونجرس | |
| رقم ضبط مكتبة الكونجرس | 2007015102 |
| 016 7# - رقم ضبط الوكاله الوطنية للضبط الببليوجرافي | |
| رقم ضبط التسجيلة | 101304133 |
| المصدر | DNLM |
| 020 ## - الرقم الدولى المعيارى للكتب | |
| الرقم الدولى المعيارى للكتاب | 9781588906120 (alk. paper) |
| 020 ## - الرقم الدولى المعيارى للكتب | |
| الرقم الدولى المعيارى للكتاب | 1588906124 (alk. paper) |
| 020 ## - الرقم الدولى المعيارى للكتب | |
| الرقم الدولى المعيارى للكتاب | 9783131253620 |
| 020 ## - الرقم الدولى المعيارى للكتب | |
| الرقم الدولى المعيارى للكتاب | 3131253622 |
| 035 ## - رقم ضبط النظام | |
| رقم ضبط النظام | (OCoLC)123053450 |
| 035 ## - رقم ضبط النظام | |
| رقم ضبط النظام | (NhCcYBP)99932706628 |
| 040 ## - مصدر الفهرسة | |
| وكالة الفهرسة الأصلية | DNLM/DLC |
| وكالة النسخ | DLC |
| وكالة التعديل | NLM |
| -- | BTCTA |
| -- | BAKER |
| -- | C#P |
| -- | YDXCP |
| -- | UtOrBLW |
| 042 ## - رمز التحقق | |
| رمز التحقق | pcc |
| 050 00 - رقم طلب مكتبة الكونجرس | |
| رقم التصنيف | RG107.5.U4 |
| رقم المادة | U485 2008 |
| 060 00 - رقم الطلب بالمكتبة الطبية الوطنية | |
| رقم التصنيف | 2008 C-187 |
| 060 10 - رقم الطلب بالمكتبة الطبية الوطنية | |
| رقم التصنيف | WP 141 |
| رقم المادة | U462 2008 |
| 082 00 - رقم تصنيف ديوى العشرى | |
| رقم التصنيف | 618.047 |
| رقم الطبعة | 22 |
| 245 00 - بيان العنوان | |
| العنوان | Ultrasonography in obstetrics and gynecology : |
| بقية العنوان | a practical approach to clinical problems / |
| بيان المسئوليه,etc | [edited by] Carol B. Benson, Edward I. Bluth. |
| 250 ## - بيان الطبعة | |
| بيان الطبعة | 2nd ed. |
| 260 ## - PUBLICATION, DISTRIBUTION, ETC. (IMPRINT) | |
| مكان الناشر او الموزع | New York : |
| اسم الناشر او الموزع | Thieme, |
| تاريخ النشر أو التوزيع | c2008. |
| 300 ## - الوصف المادى | |
| التعداد | xi, 260 p. : |
| تفاصيل ماديه اخرى للوعاء | ill. (some col.) ; |
| أبعاد الوعاء | 28 cm. |
| 504 ## - تبصرة ببليوجرافية | |
| تبصرة ببليوجرافية,الخ | Includes bibliographical references and index. |
| 505 0# - تبصرة محتويات-الفهرس | |
| تبصرة المحتويات المصاغة | Asymptomatic palpable adnexal masses / Jill E. Langer and Peter H. Arger -- Acute pelvic pain / John S. Pellerito -- Abnormal premenopausal vaginal bleeding / Edward A. Lyons -- Infertility / Mary C. Frates -- Amenorrhea in the adolescent or young adult / Anna E. Nidecker, Harris L. Cohen, and Harry L. Zinn -- Postmenopausal vaginal bleeding / Peter M. Doubilet -- Family history of ovarian carcinoma / Andrew M. Fried and Carol B. Benson -- Tamoxifen / Beverly G. Coleman -- First-trimester pain or bleeding or both / Arthur C. Fleischer -- Second- and third-trimester bleeding / Barbara S. Hertzberg -- Premature labor / Geoffrey Wong and Deborah Levine -- Estimating fetal gestational age / Chaitali Shah and Ashok Bhanushali -- Uterine size greater than dates / Beryl Benacerraf -- Uterine size less than dates : a clinical dilemma / Alfred Abuhamad -- Ruling out fetal anomalies / Carol B. Benson -- Family history of congenital heart disease / Douglas L. Brown -- Pregnant women with high maternal serum-alpha-fetoprotein / Andrea L. Fick and Ruth B. Goldstein -- Maternal serum screening test positive for Down syndrome / Thomas D. Shipp -- Diabetes mellitus and pregnancy / Peter W. Callen -- Teratogen exposure / Mark A. Kliewer -- Postpartum complications / Donald N. Di Salvo. |
| 650 #0 - المدخل الاضافى بالموضوع-مصطلح موضوعى | |
| مصطلح موضوعي أو اسم جغرافي كعنصر مدخل | Generative organs, Female |
| التقسيم الفرعي العام | Ultrasonic imaging. |
| 9 (RLIN) | 10932 |
| 650 #0 - المدخل الاضافى بالموضوع-مصطلح موضوعى | |
| مصطلح موضوعي أو اسم جغرافي كعنصر مدخل | Fetus |
| التقسيم الفرعي العام | Diseases |
| -- | Diagnosis. |
| 9 (RLIN) | 11368 |
| 650 #0 - المدخل الاضافى بالموضوع-مصطلح موضوعى | |
| مصطلح موضوعي أو اسم جغرافي كعنصر مدخل | Ultrasonics in obstetrics. |
| 9 (RLIN) | 10931 |
| 650 #2 - المدخل الاضافى بالموضوع-مصطلح موضوعى | |
| مصطلح موضوعي أو اسم جغرافي كعنصر مدخل | Genital Diseases, Female |
| التقسيم الفرعي العام | ultrasonography. |
| 9 (RLIN) | 10945 |
| 650 #2 - المدخل الاضافى بالموضوع-مصطلح موضوعى | |
| مصطلح موضوعي أو اسم جغرافي كعنصر مدخل | Fetal Diseases |
| التقسيم الفرعي العام | ultrasonography. |
| 9 (RLIN) | 10946 |
| 650 #2 - المدخل الاضافى بالموضوع-مصطلح موضوعى | |
| مصطلح موضوعي أو اسم جغرافي كعنصر مدخل | Pregnancy Complications |
| التقسيم الفرعي العام | ultrasonography. |
| 9 (RLIN) | 10944 |
| 650 #2 - المدخل الاضافى بالموضوع-مصطلح موضوعى | |
| مصطلح موضوعي أو اسم جغرافي كعنصر مدخل | Ultrasonography |
| التقسيم الفرعي العام | methods. |
| 700 1# - المدخل الاضافى - اسم شخصى | |
| الإسم الشخصى | Benson, Carol B. |
| 9 (RLIN) | 11369 |
| 700 1# - المدخل الاضافى - اسم شخصى | |
| الإسم الشخصى | Bluth, Edward I. |
| 9 (RLIN) | 11367 |
| 856 41 - الوصول و الموقع الالكترونى | |
| مواد محددة | Table of contents only |
| معرف المصدر الموحد | <a href="http://www.loc.gov/catdir/toc/ecip0715/2007015102.html">http://www.loc.gov/catdir/toc/ecip0715/2007015102.html</a> |
| 942 ## - عناصر المدخل الإضافي( كوها) | |
| مصدر التصنيف او مخطط الترفيف | Dewey Decimal Classification |
| Koha [default] item type | كتاب |
| حالة الفقد | نموذج السعر الفعال | حالة تلف | ليس للاعارة | رقم الطلب | تاريخ الاكتساب | الموقع الحالي | الباركود | الفرع الرئيسي | Date last seen | نوع المادة فى نظام كوها | مصدر التصنيف او خطة الترفيف | Total Checkouts | Date last checked out |
|---|---|---|---|---|---|---|---|---|---|---|---|---|---|
| 2013-03-10 | 618.047 U L O | 2012-04-18 | مكتبة كلية العلوم الطبية التطبيقية بالمجمعة - طالبات (AMF) | 00076555 | مكتبة كلية العلوم الطبية التطبيقية بالمجمعة - طالبات (AMF) | 2013-03-10 | كتاب | Dewey Decimal Classification | |||||
| 2013-03-10 | 618.047 U L O | 2012-04-18 | مكتبة كلية العلوم الطبية التطبيقية بالمجمعة - طالبات (AMF) | 00076550 | مكتبة كلية العلوم الطبية التطبيقية بالمجمعة - طالبات (AMF) | 2013-03-10 | كتاب | Dewey Decimal Classification | |||||
| 2013-03-10 | 618.047 U L O | 2012-04-18 | مكتبة كلية العلوم الطبية التطبيقية بالمجمعة - طالبات (AMF) | 00076549 | مكتبة كلية العلوم الطبية التطبيقية بالمجمعة - طالبات (AMF) | 2013-03-10 | كتاب | Dewey Decimal Classification | |||||
| 2013-03-10 | 618.047 U L O | 2012-04-18 | مكتبة كلية العلوم الطبية التطبيقية بالمجمعة - طالبات (AMF) | 00076548 | مكتبة كلية العلوم الطبية التطبيقية بالمجمعة - طالبات (AMF) | 2020-02-10 | كتاب | Dewey Decimal Classification | 1 | 2020-02-10 |
